| 000 | 00341nam a22001457a 4500 | ||
|---|---|---|---|
| 003 | SGT | ||
| 020 | _a0044408889 | ||
| 082 |
_a320.954 _bI91S |
||
| 100 | _aSEN, MALA | ||
| 245 | _aINDIA'S BANDIT QUEEN: TRUE STORY OF PHOOLAN DEVI | ||
| 260 |
_bHARPERCOLLINS PUBLISHERS _c1991 |
||
| 300 | _a262 | ||
| 650 | _aSOCIAL SCIENCE | ||
| 942 |
_2ddc _cBK |
||
| 999 |
_c28048 _d28048 |
||